Trasa Warszawskiej linii autobusowej 512 - Statystyki

Ogólne statystyki
  • Ten quiz został rozwiązany 18 razy
    10 od ostatniego zresetowania
  • Średni wynik to 11 z 17
Statystyki odpowiedzi
Dzielnica Przystanek % Poprawnych
Targówek Gilarska
100%
Praga-Północ Dworzec Wileński
89%
Praga-Północ Dworzec Wschodni (Kijowska)
89%
Praga-Północ Dworzec Wschodni (Kijowska)
89%
Praga-Północ Kijowska
78%
Targówek Młodzieńcza
78%
Targówek Jórskiego
67%
Targówek Metro Zacisze
67%
Targówek Piotra Skargi
67%
Targówek Codzienna
56%
Targówek Kościeliska
56%
Targówek Rolanda
56%
Targówek Bieżuńska
44%
Targówek Blokowa
44%
Targówek Czerwińska
44%
Targówek Kanał Bródnowski
44%
Targówek Tużycka
33%
Nie znaleziono quizów pasujących do podanych kryteriów
Rozkład punktacji
Procent ludzi z każdym wynikiem
Percentyl według liczby udzielonych odpowiedzi
Twoja historia wyników
Nie rozwiązałeś tego quizu od ostatniego zresetowania